000 00900nam a2200265Ia 4500
003 OSt
005 20220923231001.0
006 a|||||r|||| 00| 0
007 ta
008 220922b |||||||| |||| 00| 0 san d
020 _c100
024 _a338,158
037 _b280, 12/01/2018, Eastern Book Linkers
_cTextual
040 _aARTS
_cARTS
_bsan
041 _2san
_asan
082 _aQ4, Q7
100 _aशाक्य, ज्ञानदित्य, ले.
_9157331
245 0 _aनिब्बान बोधि
246 _aNibbān bodhi
260 _aवाराणसी
_b खुशी नगर भिखक्षु संघ
_c2017
300 _a131पृ0
_ccm.
650 _aबौद्ध धर्म
942 _hQ4, Q7
_cTEXL
_2CC
999 _c388608
_d388608